Normal view
MARC view
- Narayanan, R. Ganesh
Entry Personal Name
001 - CONTROL NUMBER
- control field: 86723
003 - CONTROL NUMBER IDENTIFIER
- control field: NUST
005 - DATE AND TIME OF LATEST TRANSACTION
- control field: 20211216104717.0
008 - FIXED-LENGTH DATA ELEMENTS
- fixed length control field: 211216|| aca||aabn | a|a d
040 ## - CATALOGING SOURCE
- Original cataloging agency: NUST
- Transcribing agency: NUST
100 ## - HEADING--PERSONAL NAME
- Personal name: Narayanan, R. Ganesh
670 ## - SOURCE DATA FOUND
- Source citation: Work cat.: (NUST)33761: Dixit, Uday S. 86722, Metal Forming :
